000 00739nam a2200229Ia 4500
003 OSt
005 20231005114112.0
008 210716s1991 xx 000 0 und d
020 _a0078810159
040 _cAIMIT LIBRARY
041 _aeng
082 _a005.1331
_21
_bPAPC
100 _aPappas, Chris H.
_9136189
245 _aBorland c++ handbook /
_cBy Chris H Pappas and William H Murray.
250 _a1st ed.
260 _aNew York :
_bMcGraw Hill ,
_c1991.
300 _axix,952p. ;
_bPB
_c23 cm.
650 _aGetting started with the borland c++ computer
_9136190
650 _aGetting started with borlands debugger and profiler
_9136191
700 _aMurray, William H.
_9136192
942 _2ddc
_cBK
_e1st ed.
_k005.1331 PAPC
999 _c181055
_d181055